02798nam a2200349 a 4500003000500000005001700005007000300022008004100025020002200066040002300088041002500111050002300136082002400159100002900183245011400212250001700326264010800343300007600451336002700527337002700554338002800581490005300609504002800662505059500690520100201285650001802287650001702305650001502322650001602337700004202353830005302395CHAP20240527103407.0ta230320s2012 mx ado|fr|||| 001 0 spa d a978-607-715-068-8 amxchpuacCHAPerda0 bEspañolfEspañol10aQA276.2b.I54 201200a519.5bI54 20122201 aInfante Gil, Saideautor10aMétodos estadísticos :bun enfoque interdisciplinario /cSaid Infante Gil y Guillermo P. Zárate de Lara a3a edición 1aMéxico :bColegio de Postgraduados : Fundación Colegio de Postgraduados en Ciencias Agrarias,c2012 ax, 610 páginas :bilustraciones, gráficas, diagramas, tablas, fotos 2rdacontentatextobtxt 2rdamediaasin mediobn 2rdacarrieravolumenbnc1 aLa Gaya Ciencia (Colegio de Postgraduados)vv. 1 aIncluye bibliografías0 a1. Introducción -- 2. Métodos tabulares y gráficos para la organización y presentación de datos -- 3. Cálculo y selección de medidas descriptivas -- 4. Nociones elementales de la probabilidad -- 5.Variables aleatorias y sus distribuciones. Momentos -- 6. Algunos modelos probabilísticos importantes -- 7. Distribuciones derivadas del muestreo -- 8. Pruebas de hipótesis -- 9. Estimación -- 10. Comparación de dos poblaciones -- 11. Análisis de la varianza -- 12. Regresión linear simple -- 13. Algunas técnicas no paramétricas -- Tablas -- Índice analítico2 aLa primera edición de la obra Métodos Estadísticos: un Enfoque Interdisciplinario, vio la luz en enero de 1984, agotándose su primer tiraje (de 3 000 ejemplares) en menos de seis meses. Desde entonces se ha reimpreso regularmente, en promedio una vez por año, con tirajes de entre 1 000 y 1 500 ejemplares cada vez. Puede decirse que, dentro de la exigua tradición de la literatura científica en México, se ha convertido en un clásico en el que han abrevado ya 29 cohortes de estudiantes de licenciatura, maestría y doctorado de México, Centro y Sudamérica, y del suroeste de los EE. UU. Esta tercera edición, ahora bajo el sello editorial del Colegio de Postgraduados, incluye varias novedades; entre ellas la posibilidad de usar el paquete R (de libre acceso) para trabajar los ejemplos en el texto y los ejercicios al final de cada capítulo. Seguramente este libro seguirá siendo una referencia adecuada para todo estudiante de ciencias experimentales y sociales.17aEstadística17aProbabilidad13aStatistics13aProbability1 aZárate de Lara, Guillermo P.eautor 0aLa Gaya Ciencia (Colegio de Postgraduados)vv. 1